15 Seconds - All EPL Teams Ever - Statistics

General Stats
  • This quiz has been taken 10 times
  • The average score is 7 of 51
Answer Stats
Team % Correct
Liverpool
83%
Manchester City
83%
Manchester United
83%
Arsenal
67%
Everton
67%
Chelsea
50%
Aston Villa
33%
Brentford
33%
Crystal Palace
33%
Tottenham Hotspur
33%
Blackburn Rovers
17%
Blackpool
17%
Bournemouth
17%
Derby County
17%
Ipswich Town
17%
Leeds United
17%
Newcastle United
17%
West Ham United
17%
Barnsley
0%
Birmingham City
0%
Bolton Wanderers
0%
Bradford City
0%
Brighton & Hove Albion
0%
Burnley
0%
Cardiff City
0%
Charlton Athletic
0%
Coventry City
0%
Wolverhampton Wanderers
0%
Fulham
0%
Huddersfield Town
0%
Hull City
0%
Leicester City
0%
Luton Town
0%
Middlesbrough
0%
Norwich City
0%
Nottingham Forest
0%
Oldham Athletic
0%
Portsmouth
0%
Queens Park Rangers
0%
Reading
0%
Sheffield United
0%
Sheffield Wednesday
0%
Southampton
0%
Stoke City
0%
Sunderland
0%
Swansea City
0%
Swindon Town
0%
Watford
0%
West Bromwich Albion
0%
Wigan Athletic
0%
Wimbledon
0%
No matching quizzes found
Score Distribution
Percent of People with Each Score
Percentile by Number Answered
Your Score History
You have not taken this quiz